Bankové podvody sa udomácňujú aj na Slovensku
Nárast kriminality v oblasti bankovníctva po r.1989. Nedostatočná legislatíva v prvých rokoch transformácie - živná pôda pre bankové podvody. Sprostredkovateľské a transferové podvody, podvody so šekmi a akreditívami. Prime bank guarantee - nový typ podvodov založený na využití neskúsenosti bankárov...
Saved in:
| Main Author: | |
|---|---|
| Format: | Book Chapter |
| Language: | Slovak |
| Subjects: | |
| Tags: |
No Tags, Be the first to tag this record!
|
MARC
| LEADER | 00000naa a2200000 4500 | ||
|---|---|---|---|
| 001 | r025604 | ||
| 005 | 20230921080523.1 | ||
| 041 | 0 | |a slo | |
| 044 | |a SK | ||
| 245 | 1 | 0 | |a Bankové podvody sa udomácňujú aj na Slovensku |c M. Michaličková |
| 520 | |a Nárast kriminality v oblasti bankovníctva po r.1989. Nedostatočná legislatíva v prvých rokoch transformácie - živná pôda pre bankové podvody. Sprostredkovateľské a transferové podvody, podvody so šekmi a akreditívami. Prime bank guarantee - nový typ podvodov založený na využití neskúsenosti bankárov s uskutočňovaním záručných obchodov. Potreba neustáleho vzdelávania pracovníkov bánk. Potreba zavedenia tzv. čiernej listiny klientov do bankovej praxe. | ||
| 610 | 2 | 0 | |a banky |
| 610 | 2 | 0 | |a bankovníctvo |
| 610 | 2 | 0 | |a podvody bankové |
| 610 | 2 | 0 | |a kriminalita hospodárska |
| 610 | 2 | 0 | |a úver bankový |
| 610 | 2 | 0 | |a služby bankové |
| 610 | 2 | 0 | |a legislatíva |
| 610 | 2 | 0 | |a Slovensko |
| 100 | 1 | |a Michaličková, M. | |